[Event "ch-Commonwealth 2012"]
[Site "Chennai IND"]
[Date "2012.11.25"]
[Round "4"]
[White "Shyam,SM"]
[Black "Rishi,S"]
[Result "1/2-1/2"]
[WhiteElo "2484"]
[BlackElo "2173"]

1.e4 e6 2.d4 d5 3.Nd2 Be7 4.Ngf3 Nf6 5.e5 Nfd7 6.Bd3 c5 7.c3 b6 8.Qe2 a5
9.a4 Ba6 10.Bb5 O-O 11.O-O Qc8 12.Nb3 Nc6 13.Bf4 Ndb8 14.h4 Bxb5 15.axb5 c4
16.bxc6 cxb3 17.Qb5 Qxc6 18.Qxb3 a4 19.Qc2 h6 20.Qd2 Nd7 21.Rfe1 Kh7 22.Re3 b5
23.Qd3+ Kh8 24.Nh2 b4 25.Rg3 a3 26.bxa3 Rxa3 27.Rxa3 bxa3 28.Bxh6 Rg8 29.Bc1 a2
30.Qe2 Ra8 31.Qh5+ Kg8 32.Ng4 g6 33.Nf6+ Nxf6 34.Rxg6+ fxg6 35.Qxg6+ Kh8
36.exf6 Bxf6 37.Qxf6+ Kg8 38.Qg6+ Kf8 39.Bh6+ Ke7 40.Bg5+ Kd7 41.Qf7+ Kc8
42.Qf8+ Kd7 43.Qe7+ Kc8 44.Qf8+ Kb7 45.Qb4+ Ka6 46.Qa3+ Kb6 47.Qb4+ Kc7 48.Qe7+ Kb6
49.Qb4+ Ka7 50.Qa5+ Kb7 51.Qb4+  1/2-1/2

[Event "ch-Commonwealth 2012"]
[Site "Chennai IND"]
[Date "2012.11.25"]
[Round "4"]
[White "Kunal,M"]
[Black "Swayams,M"]
[Result "1-0"]
[WhiteElo "2276"]
[BlackElo "2423"]

1.e4 e6 2.d4 d5 3.Nd2 Be7 4.Bd3 c5 5.dxc5 Nf6 6.Qe2 Nc6 7.c3 a5 8.exd5 exd5
9.Ngf3 O-O 10.O-O Bxc5 11.Nb3 Bd6 12.Bg5 Bg4 13.Bb5 Re8 14.Qd3 Ne5 15.Nxe5 Rxe5
16.Be3 Rh5 17.f4 Ne4 18.Bd4 Qh4 19.h3 Ng3 20.hxg4 Qxg4 21.Qf3 Qh4 22.Bd7 Qh2+
23.Kf2 Rh4 24.Be3 Nxf1 25.Rxf1 Rd8 26.Bb5 Bxf4 27.Ke2 g5 28.Nd4 Rh6 29.Bxf4 gxf4
30.Qxf4 Qxg2+ 31.Rf2 Qg6 32.Nf5 Qe6+ 33.Kd2 Rg6 34.Re2 Qf6 35.Ne7+ Kg7 36.Nxg6 hxg6
37.Qxf6+ Kxf6 38.Kd3 Kg5 39.Re7 f5 40.Rxb7 Kf4 41.Kd4 Rf8 42.b4 axb4 43.cxb4 g5
44.Bc6 g4 45.Bxd5 Kg3 46.Rf7 Rb8 47.Kc5 f4 48.b5 f3 49.b6 Rc8+ 50.Bc6  1-0

[Event "ch-Commonwealth 2012"]
[Site "Chennai IND"]
[Date "2012.11.25"]
[Round "4"]
[White "Narayanan,Sri"]
[Black "Ram,S"]
[Result "0-1"]
[WhiteElo "2438"]
[BlackElo "2269"]

1.e4 e6 2.d4 d5 3.Nd2 Nc6 4.Ngf3 Nf6 5.e5 Ne4 6.c3 Nxd2 7.Bxd2 f6 8.exf6 Qxf6
9.Bd3 Bd6 10.O-O O-O 11.Qc2 h6 12.Rae1 Bd7 13.Re2 Be8 14.Rfe1 Nd8 15.Ne5 Bxe5
16.dxe5 Qh4 17.c4 Nc6 18.Bc3 dxc4 19.Be4 Rd8 20.Re3 b5 21.Rh3 Qe7 22.a3 Nd4
23.Qc1 c5 24.Bb1 Bc6 25.Bd2 Qb7 26.Rg3 Nb3 27.Qc2 Be4 28.Qxe4 Qxe4 29.Bxe4 Rxd2
30.a4 Nd4 31.Rge3 b4 32.f3 Rxb2  0-1

[Event "TCh-CZE Div1 Vychod 2012-13"]
[Site "Czech Republic CZE"]
[Date "2012.11.25"]
[Round "3.2"]
[White "Sosna,J"]
[Black "Roubalik,J"]
[Result "1-0"]
[WhiteElo "2385"]
[BlackElo "2333"]

1.d4 e6 2.e4 d5 3.Nd2 Be7 4.c3 c5 5.dxc5 Nf6 6.exd5 Qxd5 7.Ngf3 Qxc5 8.Bd3 O-O
9.O-O Nbd7 10.Nb3 Qc7 11.Bg5 b6 12.Bh4 Bd6 13.Nbd4 a6 14.Re1 Bb7 15.Bc2 Rfe8
16.Bg3 Bxg3 17.hxg3 Rad8 18.Qe2 e5 19.Nf5 g6 20.Ne3 e4 21.Nh2 Ne5 22.Rad1 Kg7
23.Rxd8 Rxd8 24.Rd1 Re8 25.Qd2 Nc4 26.Nxc4 Qxc4 27.Bb3 Qc5 28.Nf1 Ng4 29.Qd4+ Qxd4
30.Rxd4 Re7 31.a4 Ne5 32.Rd6 Bc6 33.Ne3 Rd7 34.Rxd7 Bxd7 35.Bc2 Bc6 36.Kf1 f5
37.Ke2 Kf6 38.Kd2 g5 39.b3 f4 40.gxf4 gxf4 41.Nf1 h5 42.Ke1 Nf7 43.g3 Kg5
44.Bd1 h4 45.gxh4+ Kxh4 46.Nd2 Nd6 47.Be2 a5 48.Nc4 Nxc4 49.Bxc4 Kg5 50.Kd2 Kg4
51.Ke2 Kh3 52.Kf1 Kh2 53.Be6 Be8 54.Bd5 Bg6 55.b4 Bf5 56.bxa5 bxa5 57.c4 Bh3+
58.Ke2 Bg4+ 59.Ke1 Bf3 60.c5 Kg1 61.Bc4 Bg4 62.c6 e3 63.fxe3 f3 64.e4 Be6
65.Bb5 Kg2 66.c7 Bc8 67.Kd2 f2 68.Kc3 Kf3 69.Kd4 Kf4 70.Bd3 Be6 71.e5 Bf5
72.Bxf5 f1=Q 73.c8=Q Qd1+ 74.Bd3 Qxa4+ 75.Kd5 Qa3 76.Qf5+ Ke3 77.Qe4+ Kf2
78.Qf4+ Kg2 79.Qf1+ Kg3 80.Qg1+ Kf4 81.Qf2+ Kg5 82.Qg3+  1-0

[Event "British Rapidplay"]
[Site "Leeds ENG"]
[Date "2012.11.25"]
[Round "7.2"]
[White "Mannion,S"]
[Black "Cobb,J"]
[Result "1/2-1/2"]
[WhiteElo "2351"]
[BlackElo "2423"]

1.e4 e6 2.d4 d5 3.Nd2 a6 4.Ngf3 c5 5.exd5 exd5 6.Be2 cxd4 7.O-O Bd6 8.Re1 Ne7
9.Nxd4 O-O 10.N2f3 Nbc6 11.c3 Bg4 12.Bg5 Qc7 13.h3 Bh5 14.Rc1 h6 15.Be3 Rad8
16.Qc2 Rfe8 17.Bd3 Na5 18.Nh4 Nc4 19.Nhf5 Nxe3 20.Nxe3 Bh2+ 21.Kh1 Bf4 22.g3 Be5
23.f4 Bxd4 24.cxd4 Bf3+ 25.Kh2 Qb6 26.Qd2 Be4 27.Bxe4 dxe4 28.Rc4 Nd5 29.Ng4 e3
30.Qc2 Nf6 31.Nxf6+ Qxf6 32.Qd3 Qe6 33.b3 Rd7 34.Re2 b5 35.Rc3 Rde7 36.d5 Qb6
37.Rc6 Qb7 38.Qc3 Rd7 39.Qc5 Qa8 40.d6 Qd8 41.Rxe3 Rxe3 42.Qxe3 Rxd6 43.Rxd6 Qxd6
44.Qe2  1/2-1/2

[Event "9th Vasylyshyn Mem GM"]
[Site "Lviv UKR"]
[Date "2012.11.25"]
[Round "6"]
[White "Vetoshko,V"]
[Black "Vysochin,S"]
[Result "0-1"]
[WhiteElo "2283"]
[BlackElo "2515"]

1.e4 e6 2.d4 d5 3.Nd2 a6 4.Ngf3 c5 5.exd5 exd5 6.c4 Nf6 7.Bd3 cxd4 8.O-O Be7
9.Re1 Nc6 10.cxd5 Qxd5 11.Bc4 Qd8 12.Nb3 O-O 13.Nbxd4 Nxd4 14.Qxd4 Qxd4 15.Nxd4 Bb4
16.Rd1 Rd8 17.Bf4 Bg4 18.f3 Rac8 19.Bb3 Bc5 20.Be3 Be6 21.Bf2 Bxb3 22.axb3 h5
23.Kf1 Rd5 24.Ne2 Bxf2 25.Kxf2 Rc2 26.Rac1 Rxb2 27.Rxd5 Nxd5 28.Rc4 b5 29.Rc8+ Kh7
30.g3 b4 31.Rc5 Nc3 32.Rxh5+ Kg6 33.Re5 a5 34.Ke1 Nxe2 35.Rxe2 Rxb3  0-1

[Event "XXVI Belgrade Trophy 2012"]
[Site "Belgrade SRB"]
[Date "2012.11.26"]
[Round "3.6"]
[White "Todorovic,GM"]
[Black "Skare,G"]
[Result "1-0"]
[WhiteElo "2479"]
[BlackElo "2330"]

1.e4 e6 2.d4 d5 3.Nd2 a6 4.Ngf3 c5 5.Bd3 Nc6 6.exd5 exd5 7.dxc5 Bxc5 8.O-O Nge7
9.Nb3 Bb6 10.c3 O-O 11.h3 Bf5 12.Re1 Qd6 13.Be3 Bxe3 14.Rxe3 Bxd3 15.Qxd3 Rad8
16.Rae1 Ng6 17.Nbd4 Qf6 18.Qf5 Qxf5 19.Nxf5 f6 20.N3d4 Nxd4 21.Nxd4 Rd7 22.Rd1 Kf7
23.Nf5 Rfd8 24.Kf1 Ne5 25.Re2 Nc6 26.Red2 g6 27.Nd4 Nxd4 28.Rxd4 Ke6 29.Ke2 Rd6
30.Kf3 R8d7 31.Rh4 Rb6 32.Re1+ Kd6 33.Re2 Rc6 34.Rf4 Kc7 35.g4 Rcd6 36.Rd4 g5
37.Kg3 Kc6 38.f4 Kc7 39.h4 gxh4+ 40.Kxh4 Rg7 41.Red2 f5 42.g5 Rgd7 43.Re2 Kc6
44.Kh5 Rf7 45.Re8 Kd7 46.Re5 Kc6 47.Re8 Kd7 48.Rh8 Kc6 49.a4 Re6 50.Rc8+ Kb6
51.a5+ Kxa5 52.Rc5+ Kb6 53.Rdxd5 Re2 54.Rxf5 Rxf5 55.Rxf5 Rxb2 56.Kh6 Rh2+
57.Kg7 a5 58.Rf8 Ka7 59.f5 a4 60.f6 a3 61.Rd8 a2 62.Rd1 Rh5 63.f7 Rxg5+ 64.Kf6 Rg2
65.f8=Q Rf2+ 66.Kg7 Rxf8 67.Kxf8 Kb6 68.Ra1 Kc5 69.Rxa2 b5 70.Rb2  1-0

[Event "ch-Commonwealth 2012"]
[Site "Chennai IND"]
[Date "2012.11.26"]
[Round "6"]
[White "Tiviakov,S"]
[Black "Sundararajan,K"]
[Result "1-0"]
[WhiteElo "2659"]
[BlackElo "2434"]

1.e4 e6 2.d4 d5 3.Nd2 Be7 4.c3 c5 5.dxc5 Nf6 6.exd5 Qxd5 7.b4 O-O 8.Ngf3 b6
9.Bc4 Qc6 10.cxb6 axb6 11.O-O Bb7 12.Qb3 b5 13.Bd3 Na6 14.Re1 Rfd8 15.Bf1 Qb6
16.Ne5 Bd5 17.Qb2 Nc7 18.a3 Nd7 19.Ndf3 Nxe5 20.Nxe5 Ne8 21.Qc2 Nd6 22.Be3 Qb7
23.Bc5 Rdc8 24.a4 bxa4 25.Rxa4 Rxa4 26.Qxa4 Ne4 27.Bxe7 Qxe7 28.c4 Qf6 29.Ng4 Qc3
30.Re3 Qc1 31.cxd5 Nd2 32.Qa6 h5 33.Re1 Qxe1 34.Qxc8+ Kh7 35.Qc2+ g6 36.Ne3  1-0

[Event "3rd Thanksgiving Open"]
[Site "Saint Louis USA"]
[Date "2012.11.26"]
[Round "6.3"]
[White "Boros,De"]
[Black "Shulman,Y"]
[Result "1-0"]
[WhiteElo "2494"]
[BlackElo "2572"]

1.e4 e6 2.d4 d5 3.Nd2 Be7 4.e5 c5 5.Qg4 Kf8 6.dxc5 Nc6 7.Qe2 Bxc5 8.Nb3 Bb6
9.Be3 Nge7 10.f4 Nf5 11.Bf2 a5 12.a4 Bd7 13.Nf3 Rc8 14.Qd2 h5 15.c3 Nce7
16.Bd3 Rh6 17.Nbd4 Nxd4 18.Nxd4 Nf5 19.O-O h4 20.h3 Kg8 21.Rfd1 Bxd4 22.cxd4 Qb6
23.Rdb1 Rh8 24.b4 axb4 25.a5 Qd8 26.Qxb4 Bc6 27.Qb6 Qe8 28.Rc1 Ne7 29.Be1 Ra8
30.Bb4 Ng6 31.Bd2 Ne7 32.Kh2 g6 33.Bb4 Kg7 34.a6 Nc8 35.Qc5 Qd7 36.Ra3 Ba4
37.axb7 Qxb7 38.Rca1 Nb6 39.Qe7 Qxe7 40.Bxe7 Rhb8 41.Bd6 Rc8 42.Bc5 Nd7 43.Rxa4 Rxa4
44.Rxa4 Nxc5 45.dxc5 Rxc5 46.Kg1 Rc3 47.Rd4 Rb3 48.Kf2 Rb2+ 49.Kf3 Rd2 50.g3 hxg3
51.Kxg3 Kh6 52.Kg4 Kg7 53.Kf3 Kh6 54.Kg3 Kg7 55.Kf3 Kh6 56.Ke3 Rd1 57.Be2 Rh1
58.Bg4 g5 59.Ra4 Re1+ 60.Kf2 Rb1 61.f5 exf5 62.Bxf5 Kh5 63.Bxb1  1-0

[Event "Doroshkevicha Mem Open 2012"]
[Site "Sochi RUS"]
[Date "2012.11.27"]
[Round "2"]
[White "Kudelya,I"]
[Black "Pushkov,N"]
[Result "1/2-1/2"]
[WhiteElo "2118"]
[BlackElo "2404"]

1.e4 e6 2.d4 d5 3.Nd2 a6 4.Ngf3 Nf6 5.Bd3 c5 6.exd5 Nxd5 7.Nb3 cxd4 8.Nbxd4 Be7
9.O-O O-O 10.c3 Nd7 11.Re1 Qc7 12.Bg5 Bxg5 13.Nxg5 N7f6 14.Qf3 Qf4 15.Qxf4 Nxf4
16.Bc2 Bd7 17.Ne4 Rfd8 18.Rad1 e5 19.Nxf6+ gxf6 20.Nf5 Bb5 21.Nd6 Bc6 22.f3 Bd5
23.Ne4 Kg7 24.a3 Rac8 25.Ng3  1/2-1/2

[Event "Cultural Village 2012"]
[Site "Wijk aan Zee NED"]
[Date "2012.11.27"]
[Round "8.3"]
[White "Rozentalis,E"]
[Black "Schoorl,R"]
[Result "1-0"]
[WhiteElo "2592"]
[BlackElo "2363"]

1.e4 e6 2.d4 d5 3.Nd2 Be7 4.Bd3 c5 5.dxc5 Nf6 6.exd5 Qxd5 7.Ngf3 Nbd7 8.b4 a5
9.Bc4 Qh5 10.c3 Nd5 11.Bxd5 Qxd5 12.Bb2 b6 13.c4 Qb7 14.a3 bxc5 15.b5 O-O
16.O-O Nb6 17.Ne5 f6 18.Nc6 Qc7 19.Bc3 a4 20.f4 Bd6 21.Qf3 Bb7 22.Rae1 Rae8
23.Ba5 Rf7 24.Ne4 Bf8 25.Nc3 Bxc6 26.bxc6 Qa7 27.Bxb6 Qxb6 28.Nb5 Rfe7 29.f5 Rc8
30.c7 Ree8 31.Rxe6 Rxe6 32.Qd5  1-0

[Event "9th Vasylyshyn Mem GM"]
[Site "Lviv UKR"]
[Date "2012.11.28"]
[Round "9"]
[White "Vysochin,S"]
[Black "Tovmasian,V"]
[Result "1-0"]
[WhiteElo "2515"]
[BlackElo "2436"]

1.e4 e6 2.d4 d5 3.Nd2 Be7 4.Ngf3 Nf6 5.e5 Nfd7 6.c3 c5 7.Bd3 Nc6 8.O-O g5
9.dxc5 Ndxe5 10.Bb5 Bd7 11.Nb3 a6 12.Nxe5 Nxe5 13.Bxd7+ Nxd7 14.f4 Qc7 15.fxg5 Bxc5+
16.Nxc5 Qxc5+ 17.Kh1 O-O 18.Qf3 Qe7 19.Bf4 e5 20.Be3 Qe6 21.Rad1 e4 22.Qg3 Ne5
23.Bd4 Rfe8 24.h3 Nc6 25.Bf6 e3 26.Rf4 e2 27.Re1 Qe3 28.Qh4 Qd3 29.g6 fxg6
30.Qh6 Re7 31.Bxe7 Nxe7 32.Rh4 Qd1 33.Qxh7+ Kf8 34.Rf4+ Ke8 35.Qh4 g5 36.Qh5+  1-0

[Event "ch-Commonwealth 2012"]
[Site "Chennai IND"]
[Date "2012.11.29"]
[Round "9"]
[White "Akshayraj,K"]
[Black "Das,Say"]
[Result "1/2-1/2"]
[WhiteElo "2459"]
[BlackElo "2339"]

1.e4 e6 2.d4 d5 3.Nd2 Be7 4.Ngf3 Nf6 5.e5 Nfd7 6.c4 O-O 7.Bd3 c5 8.h4 h6
9.Bb1 Nc6 10.cxd5 exd5 11.Nb3 c4 12.Bxh6 cxb3 13.Ng5 Qa5+ 14.Kf1 gxh6 15.axb3 Qxa1
16.Qc2 f5 17.exf6 Nxf6 18.Qg6+ Kh8 19.Qxh6+ Kg8 20.Qg6+ Kh8 21.Qh6+ Kg8  1/2-1/2

[Event "Vietnam National Masters Women 2012"]
[Site "Ho Chi Minh City VIE"]
[Date "2012.11.30"]
[Round "2.1"]
[White "Ton,N"]
[Black "Le Thanh Tu"]
[Result "0-1"]
[WhiteElo "2011"]
[BlackElo "2327"]

1.e4 e6 2.d4 d5 3.Nd2 Be7 4.c3 c5 5.Ngf3 Nf6 6.e5 Nfd7 7.Bd3 Nc6 8.O-O a5
9.Re1 cxd4 10.cxd4 Nb6 11.Nf1 Bd7 12.Ng3 h5 13.Ne2 g5 14.h4 gxh4 15.Nf4 Nb4
16.Bb1 Qc7 17.Nh3 O-O-O 18.a3 Nc6 19.Bg5 Rdg8 20.b4 axb4 21.Bxe7 Nxe7 22.axb4 Bb5
23.Ra5 Qd7 24.Nfg5 Rg7 25.Qf3 Rhg8 26.Qxh5 Ng6 27.Qf3 Kb8 28.Bd3 Bxd3 29.Qxd3 Nf4
30.Nxf4 Rxg5 31.Rea1 Rg4 32.Qh7 Qe8 33.Qh6 Qd8 34.f3 Rh8 35.Qxh8 Qxh8 36.fxg4 Qh6
37.Rf1 Qg5 38.Rc5 Nc4 39.Rf3 Nd2 40.Rf2 Nb3 41.Ne2  0-1

[Event "Doroshkevicha Mem Open 2012"]
[Site "Sochi RUS"]
[Date "2012.11.30"]
[Round "5"]
[White "Panarin,M"]
[Black "Lugovskoy,M"]
[Result "1/2-1/2"]
[WhiteElo "2563"]
[BlackElo "2395"]

1.e4 e6 2.d4 d5 3.Nd2 a6 4.Ngf3 c5 5.dxc5 Bxc5 6.Bd3 Nc6 7.O-O Nf6 8.Qe2 Nb4
9.e5 Nd7 10.Nb3 Be7 11.Bd2 O-O 12.Nfd4 Nxd3 13.cxd3 a5 14.a4 Nc5 15.Nxc5 Bxc5
16.Be3 Bxd4 17.Bxd4 Bd7 18.Qe3 Qh4 19.f4 Rfc8 20.Rf3 Rc2 21.Rg3 Qh5 22.Re1 Rac8
23.f5 Kh8 24.h3 Qh6 25.Rg5 Rg8 26.f6 g6 27.Qg3 Rgc8 28.Kh2 Rd2 29.Rg4 Rcc2
30.Rg1 Qh5 31.Rh4 Qf5  1/2-1/2

[Event "TCh-CZE Extraliga 2012-13"]
[Site "Czech Republic CZE"]
[Date "2012.12.01"]
[Round "3.3"]
[White "Petrik,T"]
[Black "Jedynak,R"]
[Result "1-0"]
[WhiteElo "2534"]
[BlackElo "2475"]

1.e4 e6 2.d4 d5 3.Nd2 a6 4.Ngf3 Nf6 5.Bd3 c5 6.dxc5 dxe4 7.Nxe4 Nxe4 8.Bxe4 Qxd1+
9.Kxd1 Bxc5 10.Ne5 Nd7 11.Nxd7 Kxd7 12.Ke2 Bd6 13.Rd1 Kc7 14.Be3 f5 15.Bf3 e5
16.Bd5 Bd7 17.Rd3 e4 18.Rb3 Bc6 19.Rd1 Be5 20.Bb6+ Kd6 21.Bxe4+ Ke6 22.Bxc6 bxc6
23.Bd4 Bxd4 24.Rxd4 Rhd8 25.Rxd8 Rxd8 26.Rb7 g5 27.Rxh7 Rd4 28.Rh3 f4 29.Rc3  1-0

[Event "4th London Classic Open"]
[Site "London ENG"]
[Date "2012.12.01"]
[Round "1"]
[White "Baterdene,Tsogbayar"]
[Black "Harari,Z"]
[Result "1/2-1/2"]
[WhiteElo "1673"]
[BlackElo "2143"]

1.e4 e6 2.d4 d5 3.Nd2 Nc6 4.Ngf3 Nf6 5.e5 Nd7 6.Bd3 Nb4 7.Bb5 a6 8.Be2 c5
9.c3 Nc6 10.Qb3 b5 11.a4 c4 12.Qc2 b4 13.O-O Bb7 14.Nb1 Be7 15.b3 cxb3 16.Qxb3 Na5
17.Qb2 bxc3 18.Nxc3 Qc7 19.Rb1 Rb8 20.Be3 O-O 21.Rfc1 Nc4 22.Qa2 Rfc8 23.Nd2 Nxe3
24.fxe3 Qa5 25.Nb3 Qd8 26.Bd3 Bb4 27.Ne2 a5 28.Bb5 Rxc1+ 29.Rxc1 Rc8 30.Qb2 g6
31.Rxc8 Qxc8 32.Qc1 Qd8 33.Nf4 Nb6 34.Nd3 Nc4 35.Nxb4 axb4 36.Nc5 Ba8 37.Bxc4 dxc4
38.Qxc4 Qg5 39.e4 Qe3+ 40.Kf1 Qf4+ 41.Kg1 Qe3+ 42.Kf1 Qf4+ 43.Kg1  1/2-1/2

[Event "Doroshkevicha Mem Open 2012"]
[Site "Sochi RUS"]
[Date "2012.12.01"]
[Round "6"]
[White "Lugovskoy,M"]
[Black "Gubernatorova,L"]
[Result "1-0"]
[WhiteElo "2395"]
[BlackElo "2215"]

1.e4 e6 2.d4 d5 3.Nd2 a6 4.Ngf3 c5 5.dxc5 Bxc5 6.Bd3 Nf6 7.Qe2 O-O 8.O-O Nc6
9.e5 Nd7 10.Nb3 Be7 11.c3 b5 12.Nbd4 Bb7 13.Nxc6 Bxc6 14.Nd4 Bb7 15.f4 g6
16.f5 exf5 17.Nxf5 Bc5+ 18.Kh1 Qe8 19.Bf4 Qe6 20.b4 Bb6 21.Nh6+ Kh8 22.Rae1 Rac8
23.Bg5 Bd8 24.Be3 Rxc3 25.Bd4 Rxd3 26.Qxd3 Kg7 27.Ng4 Qxg4 28.e6+ f6 29.e7 Bxe7
30.Rxe7+ Rf7 31.Rxf7+ Kxf7 32.h3 Qe6 33.Qc3 Qe2 34.Re1 Qc4 35.Qe3 Ne5 36.Bxe5 fxe5
37.Qxe5 Qc8 38.Qe7+ Kg8 39.Kg1 d4 40.Qe8+ Qxe8 41.Rxe8+ Kf7 42.Rd8 Ke6 43.Rxd4 Bd5
44.Rd2 Ke5 45.Kf2 Ke4 46.a3 h5 47.h4 Be6 48.Rd6 Bf5 49.Rxa6 Kd4 50.Rc6 Bd3
51.Kg3 Be4 52.Rc5 Bd3 53.Kf4 Bc4 54.Rc6 Kc3 55.Rxg6 Kb3 56.Rh6 Be2 57.Ke3 Bd1
58.Kd4 Be2 59.Ra6 Bf1 60.g3 Be2 61.Kc5 Bd3 62.Ra5  1-0

[Event "TCh-BEL 2012-13"]
[Site "Belgium BEL"]
[Date "2012.12.02"]
[Round "5.6"]
[White "Lemmers,O"]
[Black "Zaragatski,I"]
[Result "1/2-1/2"]
[WhiteElo "2372"]
[BlackElo "2471"]

1.e4 e6 2.d4 d5 3.Nd2 Nc6 4.Ngf3 Nf6 5.e5 Nd7 6.c3 f6 7.Bb5 fxe5 8.dxe5 Be7
9.Nd4 Ndxe5 10.f4 a6 11.Qh5+ Kd7 12.Bxc6+ Nxc6 13.N2f3 Qe8 14.Qh3 Bf6 15.O-O Kd8
16.Qg3 Nxd4 17.cxd4 Qg6 18.Qxg6 hxg6 19.Ne5 Bd7 20.Bd2 Be8 21.Rf3 a5 22.a4 b6
23.Rc3 g5 24.b3 Bxe5 25.fxe5 g4 26.Rac1 Ra7 27.Rg3 Bh5 28.h3 Kd7 29.hxg4 Bg6
30.Rh3 Raa8 31.Rxh8 Rxh8 32.Kf2 Rc8 33.b4 axb4 34.Bxb4 Ra8 35.Ra1 Bc2 36.a5 bxa5
37.Rxa5 Rxa5 38.Bxa5  1/2-1/2

[Event "TCh-HUN 2012-13"]
[Site "Budapest HUN"]
[Date "2012.12.02"]
[Round "5"]
[White "Konnyu,J"]
[Black "Kosic,D"]
[Result "1/2-1/2"]
[WhiteElo "2328"]
[BlackElo "2517"]

1.e4 e6 2.d4 d5 3.Nd2 a6 4.Ngf3 c5 5.exd5 exd5 6.Bd3 c4 7.Be2 Bd6 8.Ne5 Ne7
9.b3 f6 10.Ng4 cxb3 11.axb3 Nbc6 12.c3 O-O 13.Ne3 Be6 14.O-O Qc7 15.h3 Rad8
16.Re1 Ng6 17.Bb2 Nf4 18.Bf1 Qf7 19.Qf3 Qg6 20.Kh1 Bb8 21.Rad1 Rfe8 22.Nb1 Kh8
23.c4 Nb4 24.cxd5 Nbxd5 25.Bc4 h5 26.Nxd5 Bxd5 27.Rxe8+ Qxe8 28.Bxd5 Nxd5
29.Nc3 Nxc3 30.Bxc3 Qd7  1/2-1/2

[Event "4th London Classic Open"]
[Site "London ENG"]
[Date "2012.12.02"]
[Round "2"]
[White "Lee,Ka"]
[Black "Rendle,T"]
[Result "1/2-1/2"]
[WhiteElo "2165"]
[BlackElo "2381"]

1.e4 e6 2.d4 d5 3.Nd2 Nc6 4.Ngf3 Nf6 5.e5 Nd7 6.Bd3 f6 7.exf6 Qxf6 8.O-O Nxd4
9.Nxd4 Qxd4 10.Nb3 Qf6 11.c4 c6 12.cxd5 cxd5 13.Re1 Bb4 14.Re3 O-O 15.Rf3 Qe5
16.Rh3 Nf6 17.Be3 h6 18.Rh4 Bd6 19.Bf4 Qxf4 20.Rxf4 Bxf4 21.g3 Bd6 22.Rc1 e5
23.Be2 Bf5 24.Bf3 e4 25.Nd4 Bd7 26.Be2 Be5 27.b3 a6 28.Nc2 Rad8 29.Nd4 Nh7
30.h4 Nf6 31.Kg2 h5 32.Rc2 Ng4 33.Bxg4 Bxg4 34.Qd2 Rc8 35.Rxc8 Rxc8 36.Qg5 Re8
37.Nf5 Kf8 38.Ne3 Bf3+ 39.Kh2 d4 40.Nc4 Bf6 41.Qc5+ Kg8  1/2-1/2

[Event "4th London Classic Open"]
[Site "London ENG"]
[Date "2012.12.03"]
[Round "3"]
[White "McDonnell,J"]
[Black "Steevensz,K"]
[Result "1-0"]
[WhiteElo "1912"]
[BlackElo "2096"]

1.e4 e6 2.d4 d5 3.Nd2 Be7 4.Bd3 c5 5.dxc5 Nf6 6.Qe2 Nc6 7.Ngf3 O-O 8.Nb3 a5
9.a4 Nb4 10.O-O Nd7 11.e5 Na6 12.c3 Naxc5 13.Nxc5 Nxc5 14.Bc2 b6 15.Rd1 Ba6
16.Qe3 Rc8 17.Nd4 h6 18.Qh3 f5 19.b4 axb4 20.cxb4 Ne4 21.Nxe6 Rxc2 22.Nxd8 Bxd8
23.Qb3 Re2 24.Qxd5+ Kh7 25.b5 Bc8 26.Qc6 Bh4 27.Be3 f4 28.Qxe4+ Bf5 29.Qxf4  1-0

[Event "FSIM December 2012"]
[Site "Budapest HUN"]
[Date "2012.12.04"]
[Round "3.3"]
[White "Hou,Qiang"]
[Black "Kantor,G"]
[Result "1/2-1/2"]
[WhiteElo "2345"]
[BlackElo "2306"]

1.e4 e6 2.d4 d5 3.Nd2 Be7 4.Ngf3 Nf6 5.e5 Nfd7 6.Bd3 c5 7.c3 b6 8.Nf1 Ba6
9.Bxa6 Nxa6 10.Ng3 Qc7 11.O-O Nab8 12.h4 Nc6 13.Bg5 O-O 14.Qe2 h6 15.Be3 Rfc8
16.Nh5 Bf8 17.Rac1 Ne7 18.Ng3 Qb7 19.Nh2 cxd4 20.cxd4 Rxc1 21.Bxc1 Qc6 22.Qg4 Kh8
23.Qf3 Kg8 24.Qg4 Kh8  1/2-1/2

[Event "60th ch-HUN w 2012"]
[Site "Kisvarda HUN"]
[Date "2012.12.04"]
[Round "1"]
[White "Gara,T"]
[Black "Dudas,E"]
[Result "1/2-1/2"]
[WhiteElo "2377"]
[BlackElo "2243"]

1.e4 e6 2.d4 d5 3.Nd2 Nc6 4.Ngf3 Nf6 5.e5 Nd7 6.Be2 f6 7.exf6 Qxf6 8.Nf1 Bd6
9.Ne3 O-O 10.O-O Qg6 11.c4 Nf6 12.c5 Be7 13.Bb5 Bd7 14.Bxc6 Bxc6 15.Ne5 Qe8
16.Re1 b6 17.cxb6 cxb6 18.N3g4 Rc8 19.Bg5 Kh8 20.Rc1 Bd7 21.Rxc8 Bxc8 22.h4 Bd6
23.Be3 Ne4 24.g3 h5 25.Nh2 Bxe5 26.dxe5 Qg6 27.Bd4 Nxg3 28.fxg3 Qxg3+ 29.Kh1 Qxh4
30.Rf1 Rxf1+ 31.Qxf1 Qxd4 32.Qf8+ Kh7 33.Qxc8 Qd1+ 34.Kg2 Qe2+ 35.Kg1 Qxe5
36.Qc3 Qxc3 37.bxc3 Kg6 38.Nf3 Kf5 39.Nd4+ Ke4 40.Nxe6 Kd3 41.Nxg7 Kxc3 42.Nxh5 b5
43.Kf2 a5 44.Nf4 d4 45.Ne2+ Kc4 46.Nc1 a4 47.Ke1 Kc3 48.Ne2+ Kd3 49.Kd1 b4
50.Nf4+ Kc3 51.Kc1 b3 52.Ne2+ Kc4 53.axb3+ axb3 54.Nxd4 Kxd4 55.Kb2 Kc4 56.Kb1 Kc3  1/2-1/2

[Event "5th Kolkata Open"]
[Site "Kolkata IND"]
[Date "2012.12.04"]
[Round "2"]
[White "Akshayraj,K"]
[Black "Das,Say"]
[Result "1-0"]
[WhiteElo "2459"]
[BlackElo "2312"]

1.e4 e6 2.d4 d5 3.Nd2 Be7 4.Bd3 c5 5.dxc5 Nf6 6.Qe2 O-O 7.Ngf3 a5 8.a4 Na6
9.e5 Nd7 10.c3 Naxc5 11.Bc2 b6 12.Nd4 Ba6 13.Nb5 f6 14.exf6 Bxf6 15.O-O Qe7
16.Nf3 e5 17.Qd1 Qf7 18.Ng5 Bxg5 19.Bxg5 e4 20.f3 Bxb5 21.axb5 Qe6 22.b4 Nd3
23.fxe4 Rxf1+ 24.Qxf1 dxe4 25.Bxd3 exd3 26.Qxd3 Re8 27.bxa5 Nc5 28.Qf3 bxa5
29.Qc6 Qxc6 30.bxc6 a4 31.c4 h6 32.Bh4 Ra8 33.c7 Rc8 34.Bf2 Ne4 35.Bb6 Nc3
36.Ra3 Ne2+ 37.Kf2 Nf4 38.Rxa4 Ne6 39.Ke3 Nxc7 40.Bxc7 Rxc7 41.Kd4 Rd7+ 42.Kc3 Rc7
43.Ra5 Kf7 44.Kd4 Rd7+ 45.Rd5 Rc7 46.c5 Ke6 47.Re5+ Kf6 48.Re2 Rd7+ 49.Kc4 Rd8
50.c6  1-0

[Event "Doroshkevicha Mem Open 2012"]
[Site "Sochi RUS"]
[Date "2012.12.04"]
[Round "9"]
[White "Kudelya,I"]
[Black "Lugovskoy,M"]
[Result "0-1"]
[WhiteElo "2118"]
[BlackElo "2395"]

1.e4 e6 2.d4 d5 3.Nd2 Nc6 4.Ngf3 Nf6 5.e5 Nd7 6.Be2 Be7 7.O-O O-O 8.Re1 f6
9.exf6 Bxf6 10.Nf1 e5 11.dxe5 Ndxe5 12.c3 Bf5 13.Ng3 Bg6 14.Qb3 b6 15.Rd1 Bf7
16.Qc2 Nxf3+ 17.Bxf3 Ne5 18.Be2 c5 19.Be3 Ng6 20.Bg4 Bg5 21.Re1 Re8 22.Bxg5 Qxg5
23.Bh5 Re5 24.Rxe5 Qxe5 25.Qf5 Re8 26.Rd1 Qxf5 27.Nxf5 Re5 28.Ng3 Nf4 29.Bxf7+ Kxf7
30.Kf1 b5 31.Rd2 c4 32.Ne2 Nd3 33.b4 Ke7 34.g3 Kd6 35.Nd4 Re1+ 36.Kg2 a6
37.a4 bxa4 38.Ra2 a5 39.Rxa4 axb4 40.cxb4 Rb1 41.Ra6+ Ke5 42.Nf3+ Kf5 43.Nh4+ Ke4
44.Nf3 Nxb4 45.Ra3 Rb2 46.Re3+ Kf5 47.Nd4+ Kf6 48.Re6+ Kf7 49.Re3 Nd3 50.Rf3+ Kg6
51.Kf1 h6 52.h4 Rd2 53.Nc6 Kh7 54.h5 c3 55.Nd4 Ne5 56.Rf4 Rxd4  0-1

[Event "60th ch-HUN w 2012"]
[Site "Kisvarda HUN"]
[Date "2012.12.05"]
[Round "2"]
[White "Schneider,Ve"]
[Black "Varga,Kl"]
[Result "1-0"]
[WhiteElo "2306"]
[BlackElo "2210"]

1.e4 e6 2.d4 d5 3.Nd2 Be7 4.c3 c5 5.dxc5 Bxc5 6.Bd3 Nf6 7.Qe2 Nc6 8.Ngf3 Bb6
9.O-O O-O 10.e5 Nd7 11.Nb3 h6 12.Nbd4 Re8 13.Bc2 Nf8 14.Be3 Bc7 15.Nxc6 bxc6
16.b4 f6 17.Bd4 f5 18.a4 Nd7 19.a5 c5 20.bxc5 Bxa5 21.Qb5 Bc7 22.Qc6 Rb8
23.Rxa7 Ba5 24.Ra1 Rb2 25.Bd3 Bb7 26.Rxb7 Nb8 27.Qxe8+ Qxe8 28.Rxb2  1-0

[Event "4th London Classic Open"]
[Site "London ENG"]
[Date "2012.12.05"]
[Round "5.4"]
[White "Hanley,C"]
[Black "Hillarp Persson,T"]
[Result "0-1"]
[WhiteElo "2412"]
[BlackElo "2546"]

1.e4 e6 2.d4 d5 3.Nd2 Be7 4.Bd3 c5 5.dxc5 Nf6 6.Qe2 Nc6 7.Ngf3 Qc7 8.exd5 exd5
9.Nb3 O-O 10.Be3 Re8 11.c3 Bg4 12.h3 Bxf3 13.Qxf3 Ne5 14.Qe2 Ne4 15.O-O Nxc5
16.Bb5 Ncd7 17.Bf4 Bf6 18.Rad1 a6 19.Bxd7 Qxd7 20.Bxe5 Rxe5 21.Qd2 Rae8 22.Rde1 g6
23.Nc5 Qb5 24.Rxe5 Rxe5 25.Nd3 Re4 26.Re1 Rxe1+ 27.Nxe1 Qc4 28.a3 d4 29.cxd4 Qxd4
30.Qxd4 Bxd4 31.b3 f5 32.Kf1 Kf7 33.Nf3 Bc5 34.a4 Ke6 35.Ng5+ Kd5 36.Ke2 h6
37.Nf3 g5 38.g4 fxg4 39.hxg4 Ke4 40.Ne1 Kd4 41.Nd3 Bd6 42.Kd2 a5 43.Nb2 Bb4+
44.Kc2 Ke4 45.Nd1 Be1 46.Ne3 Bxf2 47.Nc4 b6  0-1

[Event "4th London Classic Open"]
[Site "London ENG"]
[Date "2012.12.06"]
[Round "6"]
[White "Wallace,P"]
[Black "Schneider,Ig"]
[Result "1/2-1/2"]
[WhiteElo "2193"]
[BlackElo "2376"]

1.e4 e6 2.d4 d5 3.Nd2 Nc6 4.Ngf3 Nf6 5.e5 Nd7 6.Be2 f6 7.exf6 Qxf6 8.Nf1 Bd6
9.Ne3 O-O 10.O-O Qg6 11.g3 Nf6 12.Nh4 Qf7 13.f4 b6 14.Nf3 Bb7 15.c3 Ne4 16.Ng4 Qg6
17.Nh4 Qe8 18.Nf2 Ne7 19.Bh5 g6 20.Be2 Qf7 21.Nf3 c5 22.Bd3 cxd4 23.cxd4 h6
24.Qe2 Nxf2 25.Rxf2 Nc6 26.a3 Qf6 27.Be3 Qg7 28.Raf1 Rae8 29.Ne5 Ne7 30.g4 Bc8
31.Qc2 Rf6 32.h4 Bxe5 33.fxe5 Rxf2 34.Rxf2 Rf8 35.Rxf8+ Qxf8 36.Kg2 Bb7 37.Qc7 Bc8
38.Qxa7 b5 39.Qb6 Bd7 40.Bxb5 Bxb5 41.Qxb5 h5 42.Qd7 hxg4 43.Qxe6+ Kh7 44.Qxg4 Nf5
45.Bf2 Qc8 46.Qe2 Qd8 47.e6 Nxh4+ 48.Bxh4 Qxh4 49.Qf3 Qg5+ 50.Kh2 Qd2+ 51.Kh3 Qh6+
52.Kg3 Qg5+ 53.Qg4 Qe3+ 54.Kg2 Qd2+ 55.Kf3 Qd3+ 56.Kf2 Qd2+ 57.Qe2 Qxd4+
58.Kf1 Qf4+ 59.Kg2 Qf6 60.e7 Qg5+ 61.Kf3 Qf6+ 62.Kg4 Qf5+ 63.Kg3 Qg5+ 64.Kf2 Qh4+
65.Kg1 Qg5+ 66.Kh1 Qc1+ 67.Kh2 Qf4+ 68.Kh3 Qh6+ 69.Kg3 Qg5+ 70.Kf3 Qf6+ 71.Kg2 Qg5+
72.Kf1 Qf4+ 73.Kg1 Qg5+ 74.Kh1 Qc1+ 75.Kg2  1/2-1/2